| 000 -LEADER |
| fixed length control field |
01574 a2200277 4500 |
| 003 - CONTROL NUMBER IDENTIFIER |
| control field |
OSt |
| 005 - DATE AND TIME OF LATEST TRANSACTION |
| control field |
20180116192346.0 |
| 008 - FIXED-LENGTH DATA ELEMENTS--GENERAL INFORMATION |
| fixed length control field |
120530t xxu||||| |||| 00| 0 eng d |
| 020 ## - INTERNATIONAL STANDARD BOOK NUMBER |
| International Standard Book Number |
1844091856 (paperback) |
| 020 ## - INTERNATIONAL STANDARD BOOK NUMBER |
| International Standard Book Number |
9781844091850 (paperback) |
| 040 ## - CATALOGING SOURCE |
| Transcribing agency |
0 |
| 082 04 - DEWEY DECIMAL CLASSIFICATION NUMBER |
| Classification number |
741.2 |
| 100 1# - MAIN ENTRY--PERSONAL NAME |
| Personal name |
Bennett, Cat. |
| 9 (RLIN) |
2733 |
| 245 14 - TITLE STATEMENT |
| Title |
The confident creative : |
| Remainder of title |
drawing to free the hand and mind / |
| Statement of responsibility, etc. |
Cat Bennett. |
| 260 ## - PUBLICATION, DISTRIBUTION, ETC. |
| Place of publication, distribution, etc. |
Scotland : |
| Name of publisher, distributor, etc. |
Findhorn Press, |
| Date of publication, distribution, etc. |
2010. |
| 300 ## - PHYSICAL DESCRIPTION |
| Extent |
128 p. : |
| Other physical details |
ill. ; |
| Dimensions |
24 cm. |
| 520 ## - SUMMARY, ETC. |
| Summary, etc. |
Using simple methods and yogic theory, this unique guide focuses on the art of drawing as a way to unblock creativity and create artistic confidence. Both practicing and beginning artists will learn to develop drawing skills, overcome creative blocks, and enter the meditative state in order to find creative connections and confidence. Featuring full-color examples from professional artists, three different drawing methods, and exercises tested and developed in the author's own drawing class, this is an�invaluable tool for artists, writers, musicians, and all who wish to access their creative strengths and live inspired, authentic lives. |
| 650 #0 - SUBJECT ADDED ENTRY--TOPICAL TERM |
| Topical term or geographic name entry element |
Creative ability |
| General subdivision |
Drawing |
| 9 (RLIN) |
2734 |
| 650 #0 - SUBJECT ADDED ENTRY--TOPICAL TERM |
| Topical term or geographic name entry element |
Drawing |
| General subdivision |
Technique |
| 9 (RLIN) |
2735 |
| 650 #0 - SUBJECT ADDED ENTRY--TOPICAL TERM |
| Topical term or geographic name entry element |
Drawing ability |
| 9 (RLIN) |
2736 |
| 650 #0 - SUBJECT ADDED ENTRY--TOPICAL TERM |
| Topical term or geographic name entry element |
Drawing, Psychology of. |
| 9 (RLIN) |
2737 |
| 650 #0 - SUBJECT ADDED ENTRY--TOPICAL TERM |
| Topical term or geographic name entry element |
Imagination |
| 9 (RLIN) |
2738 |
| 856 40 - ELECTRONIC LOCATION AND ACCESS |
| Materials specified |
Amazon.com |
| Uniform Resource Identifier |
<a href="http://www.amazon.com/exec/obidos/ASIN/1844091856/chopaconline-20">http://www.amazon.com/exec/obidos/ASIN/1844091856/chopaconline-20</a> |
| 942 ## - ADDED ENTRY ELEMENTS (KOHA) |
| Institution code [OBSOLETE] |
SADA |
| Koha item type |
Book |
| Call number prefix |
741.2 BEN 2010 |
| Source of classification or shelving scheme |
|